000 00591nam a2200181 i 4500
001 82518
003 ES-MaACL
005 20240417111737.0
007 t|
008 041110s1969 sp ||||1| spa d
100 1 _aIbn Gabirol, Selomoh b. Yehudah.
_965009
245 1 3 _aEl Kéter malkut o Corona real de Selomó Ibn Gabirol /
_cversión castellana [y nota previa de] Angel Caffarena.
260 _aMálaga :
_bEl Guadalhorce,
_c1969.
300 _a50 p. ;
_c22 cm.
700 1 _aCaffarena, Ángel,
_d1914-1998
_933414
852 _aES-MaACL
_jL-12862
_bR.114547
999 _c82518
_d82518